AFL 2023 Players Pictures Quiz - Easy 3 - Statistics

General Stats
  • This quiz has been taken 236 times
  • The average score is 15 of 18
Answer Stats
Picture Answer % Correct
Dustin Martin
97%
Bailey Smith
95%
Charlie Cameron
95%
Clayton Oliver
94%
Scott Pendlebury
94%
Sam Walsh
92%
Max King
90%
Tom Stewart
90%
Matt Rowell
87%
Jason Horne-Francis
86%
Tom Papley
85%
Dom Sheed
80%
Jai Newcombe
79%
Rory Laird
77%
Sean Darcy
75%
Sam Taylor
70%
Cam Zurhaar
63%
Jordan Ridley
49%
No matching quizzes found
Score Distribution
Percent of People with Each Score
Percentile by Number Answered
Your Score History
You have not taken this quiz